000
00487nam a2200145Ia 4500
008
100122s9999 xx 000 0 und d
082
_b
49969
_a
610
100
_a
नगर्सिकर सुरेश
245
_a
अल्पमोली बहुगुणी
260
_b
मनोरमा प्रकाशन
_c
1994
300
_a
206
630
_a
अल्पमोली बहुगुणी
730
_a
अल्पमोली बहुगुणी
942
_c
BOOK
999
_c
427776
_d
427773